00744nam a2200181 a 450000100100000000500170001000800410002704000250006808200180009310000280011124500880013925000110022726000420023830000250028070000490030595201910035499900170054500004129220201002034748.0130930s1985 dr 000 0 spa d aDO-SdBNPbspacBNPHU axxxxxxbxxxxx1 aVallejo, César94027510aObra poética completa /cCésar Vallejo ; prólogo Roberto Fernández Retamar. a2a ed. aSanto Domingo :bAlfa & Omega,c1985. axx, 301 p. ;c19 cm.1 aFernández Retamar, Roberto,epról.95808 0010718PDaPDbPDcHDd2013-09-30iLF1l0oxxxxxx xxxxxp41292-10r2020-06-25w2020-06-25yLFPDzPerteneció a la biblioteca personal de Juan Isidro Jiménes-Grullón.ZNo se presta c40782d40782